[Event "European Blitz-ch 2018"]
[Site "Skopje"]
[Date "2018.12.07"]
[Round "12"]
[White "Ivanisevic, Ivan"]
[Black "Arsovic, Zoran"]
[Result "0-1"]
[WhiteElo "2603"]
[BlackElo "2422"]
[Annotator "TA"]
[PlyCount "70"]
[EventDate "2018.12.06"]
[EventType "swiss"]
[EventCountry "MKD"]

1. d4 Nf6 2. c4 g6 3. Nc3 Bg7 4. e4 d6 5. Nge2 O-O 6. Ng3 a6 7. Be2 Nbd7 8. f4 c5 9. e5 Ne8 10. dxc5 Nxc5 11. Be3 Be6 12. O-O Rc8 13. f5 Bd7 14. f6 exf6 15. exd6 f5 16. Rc1 Be6 17. b4 Bxc3 18. Rxc3 Ne4 19. Nxe4 fxe4 20. Bf4 Qb6+ 21. Kh1 Qxb4 22. Rb3 Qa4 23. Bh6 Ng7 24. Qd4 f6 25. Rxf6 Qd7 26. Rxf8+ Rxf8 27. Qxg7+ Qxg7 28. Bxg7 Kxg7 29. Rxb7+ Kf6 30. c5 Ke5 31. h3 Rf2 32. Bg4 Bxg4 33. hxg4 Rd2 34. Re7+ Kf4 35. d7 Kg3 0-1

[Event "European Blitz-ch 2018"]
[Site "Skopje"]
[Date "2018.12.07"]
[Round "12"]
[White "Bosiocic, Marin"]
[Black "Papasimakopoulos, Alexandros"]
[Result "1-0"]
[WhiteElo "2599"]
[BlackElo "2191"]
[Annotator "TA"]
[PlyCount "85"]
[EventDate "2018.12.06"]
[EventType "swiss"]
[EventCountry "MKD"]

1. d4 Nf6 2. c4 e6 3. Nf3 Bb4+ 4. Nbd2 b6 5. a3 Bxd2+ 6. Bxd2 Bb7 7. Bg5 h6 8. Bh4 d6 9. e3 Nbd7 10. Bd3 O-O 11. O-O e5 12. Nd2 Qe7 13. d5 a5 14. b4 axb4 15. axb4 Rxa1 16. Qxa1 g5 17. Bg3 Ra8 18. Qb1 b5 19. e4 bxc4 20. Nxc4 Ba6 21. Na5 Bxd3 22. Qxd3 Nh5 23. Rc1 Ndf6 24. f3 Nf4 25. Qf1 Qd7 26. Be1 h5 27. g3 Nh3+ 28. Kg2 g4 29. Bd2 Kg7 30. Qd3 Ra7 31. Rf1 Qa4 32. Qe3 Qc2 33. Rc1 Qa2 34. Nb3 Ra3 35. Rxc7 Ng8 36. Rc3 Qb1 37. b5 h4 38. fxg4 hxg3 39. Kxh3 gxh2 40. Kxh2 Qf1 41. b6 Ne7 42. b7 Ra2 43. Qh6+ 1-0

[Event "European Blitz-ch 2018"]
[Site "Skopje"]
[Date "2018.12.07"]
[Round "12"]
[White "Perunovic, Milos"]
[Black "Beerdsen, Thomas"]
[Result "1-0"]
[WhiteElo "2597"]
[BlackElo "2477"]
[Annotator "TA"]
[PlyCount "125"]
[EventDate "2018.12.06"]
[EventType "swiss"]
[EventCountry "MKD"]

1. e4 e5 2. Nf3 Nc6 3. Bb5 f5 4. d3 fxe4 5. dxe4 Nf6 6. Nc3 Bb4 7. O-O Bxc3 8. bxc3 d6 9. Qd3 O-O 10. c4 Nb4 11. Qe2 a6 12. Ba4 Bg4 13. h3 Bh5 14. c5 Kh8 15. cxd6 cxd6 16. Rb1 Nc6 17. c3 b5 18. Bd1 Nd7 19. Qe3 Nb6 20. Nxe5 dxe5 21. Bxh5 Nc4 22. Qg3 Rc8 23. Be2 Ne7 24. Bxc4 Rxc4 25. Qxe5 Ng6 26. Qg3 Rxe4 27. Be3 Re5 28. Rbd1 Qe7 29. Rd4 Rc5 30. Rfd1 Rxc3 31. Rd7 Qe6 32. h4 Rg8 33. h5 Ne5 34. R7d6 Qe7 35. h6 gxh6 36. Qf4 Qg7 37. g3 Rc4 38. Bd4 Rxd4 39. R1xd4 Rf8 40. Rd8 Ng6 41. Rxf8+ Nxf8 42. Rd8 Kg8 43. Qd6 h5 44. Qd5+ Kh8 45. Qxh5 Qf6 46. Qd5 Kg7 47. Rd6 Qa1+ 48. Kg2 Ng6 49. Rxa6 Qb2 50. Ra7+ Kh6 51. Qd7 Kg5 52. Qxh7 Qd4 53. Qb7 Qg4 54. Qxb5+ Kh6 55. Ra4 Nh4+ 56. Kh2 Nf3+ 57. Kg2 Nh4+ 58. Kg1 Nf3+ 59. Kf1 Qh3+ 60. Ke2 Ng1+ 61. Kd2 Nf3+ 62. Ke3 Ng5 63. Rh4+ 1-0

[Event "European Blitz-ch 2018"]
[Site "Skopje"]
[Date "2018.12.07"]
[Round "12"]
[White "Esipenko, Andrey"]
[Black "Fridman, Daniel"]
[Result "1-0"]
[WhiteElo "2593"]
[BlackElo "2633"]
[Annotator "TA"]
[PlyCount "73"]
[EventDate "2018.12.06"]
[EventType "swiss"]
[EventCountry "MKD"]

1. d4 d5 2. Nf3 Nf6 3. Bf4 c5 4. e3 Nc6 5. Nbd2 Qb6 6. dxc5 Qxb2 7. Rb1 Qc3 8. Bb5 e6 9. Ne5 Bd7 10. Nd3 Be7 11. O-O O-O 12. Nb3 a6 13. Bxc6 Bxc6 14. Be5 Qc4 15. Na5 Qa4 16. Nxb7 Nd7 17. Bd6 Bxd6 18. Nxd6 Rab8 19. Rb3 Qa5 20. Qe1 Qxa2 21. Qc3 Qa4 22. Rfb1 Qh4 23. Rxb8 Nxb8 24. Ne5 Ba4 25. Rb4 Qh5 26. g4 Qh3 27. Rxa4 f6 28. Nd3 Nc6 29. Qd2 d4 30. Qe2 e5 31. e4 Rb8 32. Ra1 a5 33. f3 a4 34. Nf5 a3 35. Nf2 d3 36. cxd3 Nd4 37. Qa2+ 1-0

[Event "European Blitz-ch 2018"]
[Site "Skopje"]
[Date "2018.12.07"]
[Round "12"]
[White "Moroni, Luca Jr"]
[Black "Saric, Ante"]
[Result "1-0"]
[WhiteElo "2564"]
[BlackElo "2533"]
[Annotator "TA"]
[PlyCount "45"]
[EventDate "2018.12.06"]
[EventType "swiss"]
[EventCountry "MKD"]

1. d4 Nf6 2. Bf4 d5 3. e3 c5 4. dxc5 e6 5. b4 a5 6. c3 Nc6 7. Bb5 Bd7 8. Qb3 Ne4 9. f3 e5 10. fxe4 exf4 11. exd5 Qh4+ 12. Kd1 Qf2 13. dxc6 bxc6 14. Be2 O-O-O 15. Nd2 Be6 16. Qa4 Rxd2+ 17. Kxd2 Qxe3+ 18. Kd1 Bxc5 19. Qxc6+ Kb8 20. Qxc5 Rd8+ 21. Ke1 Qd2+ 22. Kf1 a4 23. Rd1 1-0

[Event "European Blitz-ch 2018"]
[Site "Skopje"]
[Date "2018.12.07"]
[Round "12"]
[White "Jankovic, Alojzije"]
[Black "Stoyanov, Tsvetan"]
[Result "1-0"]
[WhiteElo "2557"]
[BlackElo "2310"]
[Annotator "TA"]
[PlyCount "105"]
[EventDate "2018.12.06"]
[EventType "swiss"]
[EventCountry "MKD"]

1. d4 Nf6 2. Nf3 e6 3. c4 Bb4+ 4. Bd2 Qe7 5. g3 b6 6. Bg2 Bb7 7. O-O Bxd2 8. Qxd2 d6 9. Qc2 O-O 10. Nc3 e5 11. e4 Nbd7 12. Rfe1 c6 13. Rad1 Rfd8 14. Nh4 g6 15. Qc1 Nh5 16. Bf3 Ng7 17. Bg4 Nf6 18. Qg5 h6 19. Nxg6 fxg6 20. Qxg6 Qf7 21. Bf5 Qxg6 22. Bxg6 Ne6 23. Ne2 Ng5 24. Kg2 Ngxe4 25. Ng1 exd4 26. f3 Nc5 27. Rxd4 Kg7 28. Bf5 Re8 29. Red1 d5 30. Kf2 Ne6 31. R4d2 Kf7 32. Nh3 dxc4 33. Rd6 Ng7 34. Bc2 Nd5 35. Rxh6 Rad8 36. Ng5+ Ke7 37. Rh7 Kf8 38. Bg6 Re5 39. Nf7 Rde8 40. Rh8+ Ke7 41. Rxe8+ Nxe8 42. Nxe5 Nd6 43. h4 Kf6 44. f4 Nb5 45. h5 c3 46. bxc3 Nbxc3 47. Rd2 Ne7 48. Bc2 c5 49. h6 Ne4+ 50. Bxe4 Bxe4 51. g4 Ng8 52. Ke3 Bh7 53. Rd7 1-0

[Event "European Blitz-ch 2018"]
[Site "Skopje"]
[Date "2018.12.07"]
[Round "12"]
[White "Sebenik, Matej"]
[Black "Nikcevic, Nebojsa"]
[Result "1-0"]
[WhiteElo "2536"]
[BlackElo "2434"]
[Annotator "TA"]
[PlyCount "72"]
[EventDate "2018.12.06"]
[EventType "swiss"]
[EventCountry "MKD"]

1. Nf3 c5 2. e4 e6 3. d4 cxd4 4. Nxd4 a6 5. c4 Qc7 6. Nc3 Nf6 7. Be2 Bb4 8. Nc2 Be7 9. O-O d6 10. f4 Nbd7 11. Qd3 b6 12. b4 Bb7 13. Bb2 O-O 14. Kh1 Rac8 15. Rac1 Rfe8 16. a3 Qb8 17. Ne3 Bf8 18. Bf3 Qa8 19. g4 Red8 20. g5 Ne8 21. h4 g6 22. h5 Bg7 23. Rf2 Nc7 24. hxg6 hxg6 25. Ncd1 e5 26. f5 b5 27. f6 bxc4 28. Nxc4 d5 29. Nd6 Nxf6 30. gxf6 dxe4 31. Bxe4 Bxe4+ 32. Qxe4 Rxd6 33. Qxa8 Rxa8 34. fxg7 Ne6 35. Bxe5 Rd5 36. Rh2 Nxg7 1-0

[Event "European Blitz-ch 2018"]
[Site "Skopje"]
[Date "2018.12.07"]
[Round "12"]
[White "Lobanov, Sergei"]
[Black "Navara, David"]
[Result "0-1"]
[WhiteElo "2526"]
[BlackElo "2736"]
[Annotator "TA"]
[PlyCount "78"]
[EventDate "2018.12.06"]
[EventType "swiss"]
[EventCountry "MKD"]

1. e4 c5 2. Nf3 e6 3. d4 cxd4 4. Nxd4 Nc6 5. Nc3 Qc7 6. Be3 a6 7. Qd2 Nf6 8. O-O-O Be7 9. f4 b5 10. e5 b4 11. Nce2 Nd5 12. Bf2 Na5 13. Ng3 Rb8 14. Bd3 Nc3 15. Rde1 Nxa2+ 16. Kd1 b3 17. c3 Nc4 18. Qe2 Nxb2+ 19. Qxb2 Nxc3+ 20. Kd2 Bb4 21. Rc1 Nd5+ 22. Kd1 Bc3 23. Qa3 b2 24. Rb1 Bb4 25. Qb3 Nc3+ 26. Kc2 Ba5 27. Qc4 Nxb1 28. Rxb1 Qb7 29. Ne4 O-O 30. Be3 d5 31. exd6 Bd7 32. Nc5 Qxg2+ 33. Be2 Rfc8 34. Rxb2 Rxb2+ 35. Kxb2 Bb6 36. Ndb3 Bb5 37. d7 Rd8 38. Qc2 Qxe2 39. Qxe2 Bxe2 0-1

[Event "European Blitz-ch 2018"]
[Site "Skopje"]
[Date "2018.12.07"]
[Round "12"]
[White "Rusev, Krasimir"]
[Black "Mamedov, Rauf"]
[Result "0-1"]
[WhiteElo "2520"]
[BlackElo "2703"]
[Annotator "TA"]
[PlyCount "96"]
[EventDate "2018.12.06"]
[EventType "swiss"]
[EventCountry "MKD"]

1. d4 d5 2. c4 e6 3. Nf3 c5 4. cxd5 exd5 5. Nc3 Nc6 6. g3 Nf6 7. Bg2 Be7 8. O-O O-O 9. b3 Ne4 10. Bb2 Bf6 11. Na4 b6 12. Rc1 Ba6 13. dxc5 Bxb2 14. Nxb2 bxc5 15. Nd2 Nd4 16. Re1 Qf6 17. Bxe4 dxe4 18. Nxe4 Qe5 19. f3 Rad8 20. Nd3 Nxf3+ 21. exf3 Rxd3 22. Qe2 Qd4+ 23. Qf2 Rxf3 24. Qxd4 cxd4 25. Nc5 Bc8 26. Rcd1 Rc3 27. b4 Rc2 28. a3 Bh3 29. Rxd4 h5 30. Red1 Re8 31. R4d2 Re2 32. Rxc2 Rxc2 33. a4 Rg2+ 34. Kh1 Rb2 35. b5 g5 36. Rc1 Kg7 37. Nd3 Ra2 38. Nc5 Bg2+ 39. Kg1 Bf3 40. h4 g4 41. Rb1 Rg2+ 42. Kf1 Rxg3 43. a5 Rh3 44. Kf2 Bd5 45. b6 g3+ 46. Ke3 axb6 47. axb6 g2+ 48. Kd4 Rh1 0-1

[Event "European Blitz-ch 2018"]
[Site "Skopje"]
[Date "2018.12.07"]
[Round "12"]
[White "Ruck, Robert"]
[Black "Zlatanovic, Boroljub"]
[Result "0-1"]
[WhiteElo "2512"]
[BlackElo "2376"]
[Annotator "TA"]
[PlyCount "102"]
[EventDate "2018.12.06"]
[EventType "swiss"]
[EventCountry "MKD"]

1. Nf3 g6 2. e4 Bg7 3. d4 d6 4. Bc4 c6 5. Bb3 Nf6 6. Nbd2 O-O 7. O-O Nbd7 8. e5 Nd5 9. Re1 dxe5 10. dxe5 Nc5 11. Bc4 Bg4 12. h3 Bxf3 13. Nxf3 Nb6 14. Bf1 Qxd1 15. Rxd1 Rfd8 16. Re1 Ne6 17. c3 Rd7 18. g3 Rad8 19. h4 Nc5 20. Nd4 h6 21. e6 Nxe6 22. Nxe6 fxe6 23. Bh3 Rd1 24. Bxe6+ Kf8 25. Be3 Rxa1 26. Rxa1 Rd6 27. Bb3 h5 28. Re1 Bf6 29. Kg2 Nc8 30. Bf4 Rd8 31. Be3 a6 32. Be6 Nd6 33. Bb6 Re8 34. Kh3 Nc8 35. Bc7 Nd6 36. f3 Nf5 37. Rd1 Ng7 38. Bd7 Ra8 39. g4 g5 40. gxh5 Nxh5 41. Kg4 Nf4 42. hxg5 Nd5 43. Bg3 Ne3+ 44. Kh5 Nxd1 45. gxf6 exf6 46. Bf5 Kf7 47. Bf4 Rh8+ 48. Kg4 Rg8+ 49. Kh3 Nxb2 50. Bc2 Nc4 51. Bb3 b5 0-1

[Event "European Blitz-ch 2018"]
[Site "Skopje"]
[Date "2018.12.07"]
[Round "12"]
[White "Ivic, Velimir"]
[Black "Potapov, Pavel"]
[Result "1-0"]
[WhiteElo "2497"]
[BlackElo "2516"]
[Annotator "TA"]
[PlyCount "107"]
[EventDate "2018.12.06"]
[EventType "swiss"]
[EventCountry "MKD"]

1. e4 c5 2. Nf3 Nc6 3. d4 cxd4 4. Nxd4 e5 5. Nb5 d6 6. c4 Be7 7. N1c3 a6 8. Na3 f5 9. exf5 Bxf5 10. Bd3 Be6 11. O-O Nf6 12. Nc2 O-O 13. b3 Qd7 14. Ba3 Kh8 15. Qd2 Rad8 16. Rae1 d5 17. Bxe7 Qxe7 18. cxd5 Nxd5 19. Nxd5 Bxd5 20. Qe3 Qh4 21. Rd1 Nd4 22. Qg3 Qf6 23. Ne3 Be6 24. Rfe1 Qf4 25. Nc4 Bxc4 26. Bxc4 b5 27. Bf1 h6 28. Rd3 Nc2 29. Rxd8 Rxd8 30. Rxe5 Qc1 31. Re7 Qa1 32. Qf3 Nd4 33. Qe4 Rf8 34. Re8 Rxe8 35. Qxe8+ Kh7 36. Qe4+ Kh8 37. h4 Qd1 38. Qe8+ Kh7 39. Qe4+ Kh8 40. Qd3 Qa1 41. h5 Kg8 42. Qe4 Kf7 43. g3 Ne6 44. Qb7+ Kf6 45. Qxa6 b4 46. Kg2 Ke5 47. Qb5+ Kf6 48. Bc4 Ng5 49. Qb6+ Kf5 50. Qc5+ Kf6 51. Qxb4 Qe5 52. Qb6+ Ke7 53. Qe3 Ne4 54. Bd3 1-0

[Event "European Blitz-ch 2018"]
[Site "Skopje"]
[Date "2018.12.07"]
[Round "12"]
[White "Milanovic, Danilo"]
[Black "Zavgorodniy, Sergiy"]
[Result "1-0"]
[WhiteElo "2494"]
[BlackElo "2420"]
[Annotator "TA"]
[PlyCount "58"]
[EventDate "2018.12.06"]
[EventType "swiss"]
[EventCountry "MKD"]

1. d4 Nf6 2. c4 d6 3. Nc3 Nbd7 4. e4 e5 5. Nf3 c6 6. Be2 Be7 7. O-O O-O 8. Qc2 Qc7 9. Rd1 Re8 10. Bg5 h6 11. Bh4 Nf8 12. c5 exd4 13. cxd6 Bxd6 14. Rxd4 Ng4 15. Bg3 Bxg3 16. hxg3 Be6 17. Rad1 Qa5 18. Nh2 Nxh2 19. Kxh2 Rad8 20. Qd2 Rd7 21. Rxd7 Nxd7 22. f4 Nf6 23. a3 Ng4+ 24. Bxg4 Bxg4 25. Re1 Rd8 26. Qf2 a6 27. e5 Bf5 28. Qf3 Qb6 29. g4 Bc8 1-0

[Event "European Blitz-ch 2018"]
[Site "Skopje"]
[Date "2018.12.07"]
[Round "12"]
[White "Loginov, Valery A"]
[Black "Zajic, Milan"]
[Result "0-1"]
[WhiteElo "2478"]
[BlackElo "2488"]
[Annotator "TA"]
[PlyCount "112"]
[EventDate "2018.12.06"]
[EventType "swiss"]
[EventCountry "MKD"]

1. Nf3 Nf6 2. g3 d5 3. Bg2 e6 4. O-O Be7 5. d3 O-O 6. Nbd2 c5 7. e4 Nc6 8. e5 Nd7 9. Re1 b5 10. Nf1 b4 11. h4 a5 12. N1h2 a4 13. a3 bxa3 14. bxa3 Ba6 15. Ng4 Rb8 16. h5 Nd4 17. Nxd4 cxd4 18. h6 g6 19. Bf4 Rc8 20. Qd2 g5 21. Nf6+ Bxf6 22. exf6 gxf4 23. Qxf4 Qxf6 24. Qd6 Nc5 25. Rab1 Rfd8 26. Qb6 Qxh6 27. Qa5 Rd6 28. Rb6 Rxb6 29. Qxb6 Qf6 30. Rb1 Qd8 31. Qb4 e5 32. Qd2 Kg7 33. Rb4 h6 34. Qe2 Qf6 35. Qg4+ Qg6 36. Qe2 Re8 37. Bxd5 h5 38. Bg2 Bc8 39. Rb5 Nd7 40. Rd5 h4 41. gxh4 Bb7 42. h5 Qg5 43. h6+ Kxh6 44. f4 exf4 45. Qxe8 Bxd5 46. Qh8+ Kg6 47. Qg8+ Kf6 48. Qxg5+ Kxg5 49. Bxd5 Ne5 50. Kf2 Kg4 51. Bb7 f3 52. Bc8+ Kf4 53. Bb7 Ng4+ 54. Kf1 Ke3 55. Bc8 Nh2+ 56. Kg1 f2+ 0-1

[Event "European Blitz-ch 2018"]
[Site "Skopje"]
[Date "2018.12.07"]
[Round "12"]
[White "Belyakov, Bogdan"]
[Black "Popov, Valerij"]
[Result "1/2-1/2"]
[WhiteElo "2459"]
[BlackElo "2532"]
[Annotator "TA"]
[PlyCount "150"]
[EventDate "2018.12.06"]
[EventType "swiss"]
[EventCountry "MKD"]

1. e4 e6 2. d4 d5 3. Nc3 Bb4 4. a3 Bxc3+ 5. bxc3 dxe4 6. f3 exf3 7. Nxf3 Nd7 8. Bd3 b6 9. O-O Bb7 10. Qe1 Ne7 11. Bg5 c5 12. a4 Rc8 13. Ne5 Nxe5 14. Qxe5 Qd5 15. Bb5+ Kf8 16. Bxe7+ Kxe7 17. Qxg7 Rcf8 18. dxc5 Qxc5+ 19. Kh1 Rhg8 20. Qf6+ Kd6 21. Rad1+ Kc7 22. Rd7+ Kb8 23. Rg1 Rg6 24. Qf4+ e5 25. Qd2 a6 26. Bd3 f5 27. Bf1 Qc6 28. Rxh7 f4 29. Qd7 Qxd7 30. Rxd7 f3 31. Rxb7+ Kxb7 32. gxf3 Rc6 33. Bd3 Rxc3 34. Rg5 Kc7 35. Be4 Rc5 36. Rg7+ Kd6 37. Rg6+ Ke7 38. Rxb6 Rg8 39. Rxa6 Rc3 40. h3 Ra3 41. Kh2 Ra1 42. Rg6 Rxg6 43. Bxg6 Rxa4 44. Kg3 Kf6 45. Be4 Ra1 46. h4 Rg1+ 47. Kf2 Rh1 48. Kg3 Rg1+ 49. Kf2 Rg8 50. c4 Rc8 51. Bd5 Kf5 52. Ke3 Rh8 53. c5 Rxh4 54. c6 Rh8 55. Kd3 Kf6 56. Kc4 Ke7 57. Kc5 Rc8 58. Be4 Rc7 59. Kd5 Ra7 60. Kxe5 Ra5+ 61. Bd5 Rc5 62. f4 Rc1 63. f5 Re1+ 64. Be4 Rf1 65. Kd5 Rd1+ 66. Kc5 Rc1+ 67. Kd5 Rd1+ 68. Ke5 Rf1 69. Bd3 Re1+ 70. Be4 Rf1 71. Bd5 Re1+ 72. Be4 Rf1 73. Kd5 Rd1+ 74. Kc5 Rc1+ 75. Kd5 Rd1+ 1/2-1/2

[Event "European Blitz-ch 2018"]
[Site "Skopje"]
[Date "2018.12.07"]
[Round "12"]
[White "Jenni, Florian"]
[Black "Asik, Josip"]
[Result "0-1"]
[WhiteElo "2454"]
[BlackElo "2313"]
[Annotator "TA"]
[PlyCount "78"]
[EventDate "2018.12.06"]
[EventType "swiss"]
[EventCountry "MKD"]

1. e4 e6 2. d4 d5 3. Nc3 Bb4 4. e5 c5 5. a3 Bxc3+ 6. bxc3 Qc7 7. Nf3 Ne7 8. h4 b6 9. Bb5+ Bd7 10. Bd3 Ba4 11. Be3 Nbc6 12. h5 h6 13. g4 Na5 14. Nd2 cxd4 15. cxd4 Rc8 16. Ra2 Nc4 17. Bxc4 dxc4 18. Ne4 Bc6 19. Nd6+ Kf8 20. O-O Rd8 21. f4 Rxd6 22. exd6 Qxd6 23. c3 Nd5 24. Qe1 Ke7 25. Bc1 Kd7 26. a4 Nf6 27. Qe5 Nxg4 28. Qxg7 Qd5 29. Qxg4 Qh1+ 30. Kf2 Qh2+ 31. Ke1 Qxa2 32. f5 Re8 33. f6 Qc2 34. Qf4 Qxc3+ 35. Bd2 Qd3 36. Rg1 c3 37. Bc1 Qe4+ 38. Qxe4 Bxe4 39. Bxh6 Rh8 0-1

[Event "European Blitz-ch 2018"]
[Site "Skopje"]
[Date "2018.12.07"]
[Round "12"]
[White "Kevlishvili, Robby"]
[Black "Pershin, Denis"]
[Result "1-0"]
[WhiteElo "2451"]
[BlackElo "2400"]
[Annotator "TA"]
[PlyCount "98"]
[EventDate "2018.12.06"]
[EventType "swiss"]
[EventCountry "MKD"]

1. e4 c6 2. d4 d5 3. exd5 cxd5 4. Bd3 Nc6 5. c3 Qc7 6. Ne2 Bg4 7. O-O e6 8. Qe1 Nf6 9. f3 Bh5 10. Qh4 h6 11. Ng3 Bg6 12. Bxg6 fxg6 13. Qh3 Kf7 14. Nd2 Bd6 15. Nb3 Ne7 16. Re1 Nf5 17. Nf1 g5 18. Bd2 Rae8 19. Re2 Re7 20. Rae1 Rhe8 21. Nc1 Kg8 22. Ne3 Nxe3 23. Bxe3 e5 24. dxe5 Rxe5 25. Bd4 Rxe2 26. Rxe2 Rxe2 27. Nxe2 Qe7 28. Qc8+ Kf7 29. Kf2 b6 30. Ng3 Bxg3+ 31. hxg3 Qd7 32. Qa8 Kg6 33. g4 Qa4 34. Bxf6 Kxf6 35. Qf8+ Ke6 36. Qxg7 Qxa2 37. Qxh6+ Kd7 38. Kg3 Qxb2 39. Qg7+ Kc6 40. Qf6+ Kc5 41. Qd4+ Kc6 42. Qf6+ Kc5 43. Qe7+ Kc6 44. Qxa7 Qxc3 45. Qa8+ Kb5 46. Qxd5+ Qc5 47. Qd7+ Ka5 48. Qd2+ Ka4 49. f4 gxf4+ 1-0

[Event "European Blitz-ch 2018"]
[Site "Skopje"]
[Date "2018.12.07"]
[Round "12"]
[White "Jirovsky, Milos"]
[Black "De Filomeno, Simone"]
[Result "1/2-1/2"]
[WhiteElo "2448"]
[BlackElo "2436"]
[Annotator "TA"]
[PlyCount "89"]
[EventDate "2018.12.06"]
[EventType "swiss"]
[EventCountry "MKD"]

1. c4 Nf6 2. Nf3 g6 3. b4 d5 4. cxd5 Bg7 5. Bb2 O-O 6. e3 Nxd5 7. Bxg7 Kxg7 8. Qb3 a5 9. b5 a4 10. Qb2+ f6 11. Na3 e5 12. Be2 Be6 13. O-O Nd7 14. Rac1 Qe7 15. Bc4 N7b6 16. Be2 g5 17. d4 e4 18. Nd2 f5 19. Nac4 a3 20. Qb1 Na4 21. Qb3 Qb4 22. Qxb4 Nxb4 23. Nxa3 Rf7 24. Bc4 Bxc4 25. Naxc4 Nxa2 26. Ra1 N4c3 27. Ne5 Re7 28. g4 f4 29. Rfe1 f3 30. h3 Ra5 31. b6 cxb6 32. Ndc4 Rb5 33. Nd6 Rbxe5 34. dxe5 Rxe5 35. Kh2 b5 36. Nxb7 b4 37. Nd6 b3 38. Rab1 Nxb1 39. Rxb1 Rd5 40. Nxe4 Rb5 41. Nd2 b2 42. Nc4 Rb4 43. Rxb2 Rxc4 44. Rxa2 h5 45. Kg3 1/2-1/2

[Event "European Blitz-ch 2018"]
[Site "Skopje"]
[Date "2018.12.07"]
[Round "12"]
[White "Markoja, Boris"]
[Black "Erdos, Viktor"]
[Result "1/2-1/2"]
[WhiteElo "2430"]
[BlackElo "2605"]
[Annotator "TA"]
[PlyCount "33"]
[EventDate "2018.12.06"]
[EventType "swiss"]
[EventCountry "MKD"]

1. d4 Nf6 2. c4 g6 3. g3 d5 4. cxd5 c6 5. Bg2 cxd5 6. Nf3 Bg7 7. O-O O-O 8. Nc3 e6 9. b3 Bd7 10. Ne5 Qa5 11. Qd2 Nc6 12. Nxc6 Bxc6 13. Nxd5 Qxd2 14. Nxf6+ Bxf6 15. Bxd2 Bxg2 16. Kxg2 Bxd4 17. Rac1 1/2-1/2

[Event "European Blitz-ch 2018"]
[Site "Skopje"]
[Date "2018.12.07"]
[Round "12"]
[White "Saveliev, Alexei"]
[Black "Jovanovic, Zoran"]
[Result "0-1"]
[WhiteElo "2360"]
[BlackElo "2518"]
[Annotator "TA"]
[PlyCount "52"]
[EventDate "2018.12.06"]
[EventType "swiss"]
[EventCountry "MKD"]

1. e4 d6 2. d4 Nf6 3. Nc3 e5 4. Nf3 Nbd7 5. Bc4 Be7 6. O-O Nb6 7. Bb3 exd4 8. Nxd4 c5 9. Nf5 Bxf5 10. exf5 c4 11. Ba4+ Nxa4 12. Nxa4 d5 13. Be3 Qd7 14. Nc3 Qxf5 15. Re1 O-O 16. Bd4 Rfe8 17. Re5 Qg6 18. Nxd5 Nxd5 19. Rxd5 Rad8 20. Bc3 Bf6 21. Bxf6 Qxf6 22. c3 Qb6 23. Rxd8 Rxd8 24. Qe2 Qe6 25. Qf3 Qd5 26. Qg4 Qd2 0-1

[Event "European Blitz-ch 2018"]
[Site "Skopje"]
[Date "2018.12.07"]
[Round "12"]
[White "Maier, Christian"]
[Black "Cheparinov, Ivan"]
[Result "1/2-1/2"]
[WhiteElo "2340"]
[BlackElo "2709"]
[Annotator "TA"]
[PlyCount "95"]
[EventDate "2018.12.06"]
[EventType "swiss"]
[EventCountry "MKD"]

1. e4 c6 2. d4 d5 3. Nc3 dxe4 4. Nxe4 Nf6 5. Nxf6+ exf6 6. g3 Bd6 7. Bg2 O-O 8. Ne2 Re8 9. O-O Nd7 10. Bf4 Nf8 11. Re1 Bg4 12. Bxd6 Qxd6 13. c3 Qe7 14. Qd2 Ng6 15. Nf4 Qd6 16. Nxg6 hxg6 17. h3 Be6 18. Re3 a5 19. Rae1 Rad8 20. Qc2 Kf8 21. Qa4 Ra8 22. a3 g5 23. Qc2 g6 24. Qe2 Kg7 25. Qc2 Rh8 26. g4 Rhe8 27. Qe2 b5 28. Be4 Bc4 29. Qf3 Rac8 30. Bc2 Bd5 31. Be4 Bc4 32. Bc2 Rxe3 33. Rxe3 b4 34. axb4 axb4 35. Qd1 Ra8 36. b3 Be6 37. c4 Rd8 38. Be4 f5 39. Bf3 Qxd4 40. Qxd4+ Rxd4 41. Bxc6 fxg4 42. hxg4 Rxg4+ 43. Kf1 Rd4 44. Ke2 Kf6 45. Rg3 g4 46. Ke3 Rd1 47. Ke2 Rb1 48. Ba4 1/2-1/2

[Event "European Blitz-ch 2018"]
[Site "Skopje"]
[Date "2018.12.07"]
[Round "12"]
[White "Putka, Verners"]
[Black "Ragger, Markus"]
[Result "0-1"]
[WhiteElo "2307"]
[BlackElo "2687"]
[Annotator "TA"]
[PlyCount "154"]
[EventDate "2018.12.06"]
[EventType "swiss"]
[EventCountry "MKD"]

1. d4 Nf6 2. Nf3 g6 3. g3 Bg7 4. Bg2 O-O 5. O-O d5 6. c4 Nc6 7. b3 Be6 8. cxd5 Nxd5 9. Bb2 Nb6 10. e3 a5 11. Nc3 a4 12. Nxa4 Nxa4 13. bxa4 Ra6 14. Bc3 Qd7 15. Rb1 b6 16. Qc2 Rfa8 17. d5 Bxd5 18. Bxg7 Kxg7 19. Rfd1 Rxa4 20. Rxd5 Qxd5 21. Ne1 Qe5 22. Qxc6 R8a5 23. Nd3 Qd6 24. Qc3+ f6 25. Nf4 Rc5 26. Qb3 Rac4 27. h4 e5 28. Nd3 Rc3 29. Nxc5 Rxb3 30. Nxb3 Qa3 31. Bd5 Qxa2 32. Rc1 c5 33. Ra1 Qc2 34. Ra7+ Kf8 35. Rf7+ Ke8 36. Rxf6 Qd1+ 37. Kh2 Qxd5 38. Rxb6 c4 39. Na1 c3 40. Rb1 Qd2 41. Kg2 c2 42. Nxc2 Qxc2 43. Rb6 Qc5 44. Ra6 Kf7 45. Kg1 h6 46. h5 gxh5 47. Rxh6 Qd5 48. Rb6 Qf3 49. Rh6 Ke7 50. Rb6 Kd7 51. Rh6 Kc7 52. Rg6 Qf5 53. Rh6 Qg5 54. Rh8 Kd6 55. Kg2 Kd5 56. Rh7 Qf5 57. Rh6 Qe4+ 58. Kg1 Qf3 59. Rh8 Ke4 60. Rb8 Qd1+ 61. Kg2 Qd5 62. Rb2 Kf5+ 63. f3 Qd3 64. e4+ Kg5 65. Rf2 h4 66. gxh4+ Kxh4 67. Rf1 Qe2+ 68. Rf2 Qe3 69. Rf1 Kg5 70. Rf2 Kf4 71. Rf1 Qd2+ 72. Rf2 Qc3 73. Rf1 Qb2+ 74. Rf2 Qb3 75. Rf1 Qg8+ 76. Kf2 Qa2+ 77. Kg1 Kg3 0-1

[Event "European Blitz-ch 2018"]
[Site "Skopje"]
[Date "2018.12.07"]
[Round "13"]
[White "Artemiev, Vladislav"]
[Black "Demidov, Mikhail"]
[Result "1/2-1/2"]
[WhiteElo "2709"]
[BlackElo "2520"]
[Annotator "TA"]
[PlyCount "120"]
[EventDate "2018.12.06"]
[EventType "swiss"]
[EventCountry "MKD"]

1. d4 d5 2. c4 c6 3. cxd5 cxd5 4. Bg5 h6 5. Bh4 Qb6 6. Nc3 e6 7. Qd2 Be7 8. Bg3 Nf6 9. e3 O-O 10. Bd3 Nc6 11. Nf3 Bb4 12. a3 Ne4 13. Bxe4 Bxc3 14. Qxc3 dxe4 15. Nd2 f5 16. O-O Ne7 17. Qc5 Qxc5 18. dxc5 Nd5 19. Nc4 Bd7 20. Nd6 Bc6 21. b4 b5 22. cxb6 axb6 23. Rfc1 Bd7 24. Be5 Ra7 25. Bb2 Rfa8 26. h3 Kf8 27. Rd1 Ba4 28. Rd2 g6 29. Nc4 Bb3 30. Ne5 g5 31. Rc1 Ba4 32. Rd4 Be8 33. Rdc4 Bd7 34. Kh2 h5 35. h4 gxh4 36. Kh3 Be8 37. Kxh4 Rg7 38. g3 Rga7 39. Nc6 Bxc6 40. Rxc6 Ke7 41. Rd1 Rg8 42. Rxd5 exd5 43. Rxb6 Rc7 44. Bf6+ Kf7 45. Bd4 Rc1 46. Kh3 h4 47. Rf6+ Ke7 48. Rxf5 hxg3 49. fxg3 Rg1 50. Rxd5 R1xg3+ 51. Kh2 Rg2+ 52. Kh3 R2g3+ 53. Kh2 R3g6 54. Rh5 Rg2+ 55. Kh3 R8g3+ 56. Kh4 Rg8 57. Kh3 Rg1 58. Kh2 R8g2+ 59. Kh3 Rg8 60. Kh2 R1g2+ 1/2-1/2

[Event "European Blitz-ch 2018"]
[Site "Skopje"]
[Date "2018.12.07"]
[Round "13"]
[White "Saric, Ivan"]
[Black "Markoja, Boris"]
[Result "1-0"]
[WhiteElo "2695"]
[BlackElo "2430"]
[Annotator "TA"]
[PlyCount "73"]
[EventDate "2018.12.06"]
[EventType "swiss"]
[EventCountry "MKD"]

1. e4 c5 2. Nf3 g6 3. d4 cxd4 4. Nxd4 Nc6 5. c4 Nf6 6. Nc3 d6 7. f3 Nxd4 8. Qxd4 Bg7 9. Be3 O-O 10. Qd2 a5 11. b3 Bd7 12. Rc1 Bc6 13. Be2 Nd7 14. O-O Nc5 15. Kh1 Qb6 16. Nd5 Bxd5 17. exd5 Qb4 18. Qd1 Qa3 19. Rc2 Qb4 20. f4 Ne4 21. Bd3 Nc5 22. Be2 Ne4 23. Bf3 Nc5 24. Re2 Rfe8 25. h4 a4 26. Bd2 Qb6 27. b4 Nd7 28. a3 Rac8 29. Qxa4 Nf6 30. Be3 Qc7 31. c5 Red8 32. c6 bxc6 33. dxc6 d5 34. b5 d4 35. Bd2 Ra8 36. Qb4 e6 37. b6 1-0